Understanding the media (Record no. 85994)

MARC details
000 -LEADER
fixed length control field 00612nam a2200217Ia 4500
008 - FIXED-LENGTH DATA ELEMENTS--GENERAL INFORMATION
fixed length control field 191130s2007##################000#0#eng##
020 ## - INTERNATIONAL STANDARD BOOK NUMBER
ISBN 9781412929905
082 ## - DEWEY DECIMAL CLASSIFICATION NUMBER
Classification number 302.23 DEV
100 ## - MAIN ENTRY--AUTHOR NAME
Personal name Devereux, Eoin
245 ## - TITLE STATEMENT
Title Understanding the media
Statement of responsibility, etc Eoin Devereux
250 ## - EDITION STATEMENT
Edition statement 2nd ed
260 ## - PUBLICATION, DISTRIBUTION, ETC. (IMPRINT)
Place of publication Thousand Oaks, CA
Name of publisher SAGE Publications
Year of publication 2007
300 ## - PHYSICAL DESCRIPTION
Number of Pages xvi, 259 p. : ill. ; 24 cm
500 ## - GENERAL NOTE
General note Includes bibliographical references and index
650 ## - SUBJECT ADDED ENTRY--TOPICAL TERM
Topical Term Mass media
991 ## -
-- 220585
Holdings
Withdrawn status Lost status Damaged status Not for loan Home library Current library Shelving location Date acquired Full call number Accession Number Price effective from Koha item type
        Anna Centenary Library Anna Centenary Library 3RD FLOOR, B WING 09.10.2020 302.23 DEV 160049 09.10.2020 English Books

Find us on the map